Maternal & child health nursing : (Record no. 20572)
[ view plain ]
| 000 -LEADER | |
|---|---|
| fixed length control field | 01708cam a22003135a 4500 |
| 001 - CONTROL NUMBER | |
| control field | 17764057 |
| 005 - DATE AND TIME OF LATEST TRANSACTION | |
| control field | 20151115104234.0 |
| 008 - FIXED-LENGTH DATA ELEMENTS--GENERAL INFORMATION | |
| fixed length control field | 130603t2014 paua frb 001 0 eng d |
| 020 ## - INTERNATIONAL STANDARD BOOK NUMBER | |
| International Standard Book Number | 145118896X |
| 020 ## - INTERNATIONAL STANDARD BOOK NUMBER | |
| International Standard Book Number | 9781451188967 |
| 040 ## - CATALOGING SOURCE | |
| Original cataloging agency | DNLM/DLC |
| Transcribing agency | DLC |
| Modifying agency | EG-ScBUE |
| Language of cataloging | eng |
| 082 04 - DEWEY DECIMAL CLASSIFICATION NUMBER | |
| Classification number | 610.73678 |
| Edition number | 22 |
| Item number | PIL |
| 100 1# - MAIN ENTRY--PERSONAL NAME | |
| Personal name | Pillitteri, Adele. |
| 9 (RLIN) | 12161 |
| 245 10 - TITLE STATEMENT | |
| Title | Maternal & child health nursing : |
| Remainder of title | care of the childbearing & childrearing family / |
| Statement of responsibility, etc | Adele Pillitteri. |
| 246 1# - VARYING FORM OF TITLE | |
| Title proper/short title | Maternal and child health nursing : |
| Remainder of title | care of the childbearing and childrearing family |
| 250 ## - EDITION STATEMENT | |
| Edition statement | 7th ed., International ed. |
| 260 ## - PUBLICATION, DISTRIBUTION, ETC. (IMPRINT) | |
| Place of publication, distribution, etc | Philadelphial : |
| Name of publisher, distributor, etc | Wolters Kluwer Health / Lippincott Williams & Wilkins, |
| Date of publication, distribution, etc | c.2014. |
| 300 ## - PHYSICAL DESCRIPTION | |
| Extent | xxvii, 1712 p. : |
| Other physical details | ill. (col.) ; |
| Dimensions | 29 cm. |
| 500 ## - GENERAL NOTE | |
| General note | Access code is required to get resources for students and instructors |
| 500 ## - GENERAL NOTE | |
| General note | Index : p. 1673-1712. |
| 504 ## - BIBLIOGRAPHY, ETC. NOTE | |
| Bibliography, etc | Includes bibliographical references. |
| 520 ## - SUMMARY, ETC. | |
| Summary, etc | Adele Pillitteri aims to ensure that today's students have a technical understanding, without losing the importance of compassion in their role as a nurse. The text presents pediatrics and maternity as a continuum of knowledge, taking a holistic approach and viewing maternity and pediatric content as a family event. The text links theory closely with application that helps students gain a deeper understanding of content and be better prepared to practice in their careers."--Provided by publisher. |
| 650 #7 - SUBJECT ADDED ENTRY--TOPICAL TERM | |
| Topical term or geographic name as entry element | Maternal-Child Nursing. |
| Source of heading or term | BUEsh |
| 9 (RLIN) | 12164 |
| 650 #7 - SUBJECT ADDED ENTRY--TOPICAL TERM | |
| Topical term or geographic name as entry element | Maternity nursing. |
| 9 (RLIN) | 12162 |
| Source of heading or term | BUEsh |
| 650 #7 - SUBJECT ADDED ENTRY--TOPICAL TERM | |
| Topical term or geographic name as entry element | Pediatric nursing. |
| 9 (RLIN) | 19967 |
| Source of heading or term | BUEsh |
| 651 ## - SUBJECT ADDED ENTRY--GEOGRAPHIC NAME | |
| Source of heading or term | BUEsh |
| 653 ## - INDEX TERM--UNCONTROLLED | |
| Resource For college | Nursing |
| Arrived date list | August2015 |
| -- | November2015 |
| 942 ## - ADDED ENTRY ELEMENTS (KOHA) | |
| Source of classification or shelving scheme | Dewey Decimal Classification |
| Call number prefix | 610.73678 PIL |
| Withdrawn status | Lost status | Source of classification or shelving scheme | Damaged status | Not for loan | Koha collection | Home library | Current library | Shelving location | Date acquired | Source of acquisition | Cost, normal purchase price | Serial Enumeration / chronology | Total Checkouts | Total Renewals | Full call number | Barcode | Date last seen | Date last borrowed | Cost, replacement price | Koha item type |
|---|---|---|---|---|---|---|---|---|---|---|---|---|---|---|---|---|---|---|---|---|
| Dewey Decimal Classification | Baccah | Central Library | Central Library | First floor | 18/08/2015 | Purchase | 646.00 | 21764 | 12 | 72 | 610.73678 PIL | 000030688 | 15/07/2025 | 31/03/2022 | 808.00 | Book - Borrowing |